[Event "American Cup Champions 2022"]
[Site "Saint Louis"]
[Date "2022.04.22"]
[Round "2.1"]
[White "Caruana, Fabiano"]
[Black "Sevian, Samuel"]
[Result "1/2-1/2"]
[WhiteElo "2792"]
[BlackElo "2684"]
[Annotator "TA"]
[PlyCount "77"]
[EventDate "2022.04.20"]
[EventType "k.o."]
[EventCountry "USA"]
[SourceTitle "playchess.com"]
[Source "ChessBase"]
[SourceQuality "1"]
[TimeControl "5400+30"]

{[%evp 18,77,0,-19,0,0,0,-9,-14,-13,-18,-15,-15,-23,-21,-27,-14,-16,0,0,0,0,0,0,0,0,0,0,0,0,0,0,0,3,1,0,2,0,0,0,0,0,0,0,0,0,0,-8,0,0,0,0,0,0,0,0,0,0,0,0,0,0]} 1. d4 {[%emt 0:00:05]} Nf6 {[%emt 0:00:10]} 2. c4 {[%emt 0:00:06]} e6 {[%emt 0:00:07]} 3. Nc3 {[%emt 0:00:10]} Bb4 {[%emt 0:00:10]} 4. e3 {[%emt 0:00:04]} O-O {[%emt 0:00:23]} 5. Bd3 {[%emt 0:00:07]} d5 {[%emt 0:00:21]} 6. a3 {[%emt 0:00:07]} Bxc3+ {[%emt 0:01:07]} 7. bxc3 {[%emt 0:00:06]} dxc4 {[%emt 0:00:11]} 8. Bxc4 {[%emt 0:00:05]} c5 {[%emt 0:00:07]} 9. Ne2 {[%emt 0:00:05]} Qc7 {[%emt 0:00:41]} 10. Ba2 {[%emt 0:00:26]} b6 {[%emt 0:01:23] E49: Nimzo-Indian: Rubinstein: 5 Bd3 d5 6 a3 Bxc3+ 7 bxc3.} 11. O-O {[%emt 0:00:48]} Ba6 {[%emt 0:03:01]} 12. Re1 {[%emt 0:00:35] 12.Bb2 is the fancy move.} Rd8 {[%emt 0:02:54]} ({Don't play} 12... Ng4 13. Nf4 Nf6 14. e4 $16) 13. Ng3 {[%emt 0:00:25]} Nc6 {[%emt 0:03:14] [#]} 14. Rb1 $146 {[%emt 0:00:10]} ({Predecessor:} 14. Bb2 Na5 15. e4 Bc4 16. Bxc4 Nxc4 17. Bc1 cxd4 18. cxd4 Qd7 19. e5 Nd5 20. Qg4 f5 21. exf6 Nxf6 {½-½ (36) Rakhmanov,A (2651)-Sychev,K (2556) Bryansk 2021}) 14... Rac8 {[%emt 0:11:36]} 15. Rb2 {[%emt 0:00:32]} h6 {[%emt 0:02:10]} 16. f4 {[%emt 0:01:36]} Na5 {[%emt 0:01:58]} 17. e4 {[%emt 0:11:07] The position is equal.} cxd4 {[%emt 0:11:21]} 18. cxd4 {[%emt 0:00:13]} Qd7 {[%emt 0:12:22]} 19. Rd2 {[%emt 0:30:02]} Bc4 {[%emt 0:01:39] Against d5} 20. Bxc4 {[%emt 0:01:24]} Rxc4 {[%emt 0:05:38]} 21. Bb2 {[%emt 0:00:10][%cal Od4d5]} Qa4 {[%emt 0:05:55]} 22. d5 {[%emt 0:10:43] [#] Hoping for Qxa4.} Qxd1 {[%emt 0:01:59]} 23. Rdxd1 {[%emt 0:00:06]} exd5 {[%emt 0:02:06]} 24. Bxf6 {[%emt 0:05:25]} gxf6 {[%emt 0:00:07]} 25. Rxd5 {[%emt 0:10:28]} Rxd5 {[%emt 0:04:00]} 26. exd5 {[%emt 0:00:04] Black should prevent d6.} Rxf4 $11 {[%emt 0:00:52][%mdl 4096] Endgame KRN-KRN} 27. Re8+ {[%emt 0:05:00]} Kh7 {[%emt 0:00:17]} 28. Re7 {[%emt 0:00:04]} Rd4 {[%emt 0:05:01]} 29. Rxf7+ {[%emt 0:05:59]} Kg6 {[%emt 0:00:22]} 30. Rxa7 {[%emt 0:00:05][%cal Oa7g7]} Rxd5 {[%emt 0:00:20]} 31. Ne2 {[%emt 0:04:00] [#] And now Nf4+ would win.} Rd2 {[%emt 0:00:51]} 32. Kf2 {[%emt 0:00:46]} Nc6 {[%emt 0:01:24]} 33. Ra8 {[%emt 0:01:06]} Nd4 {[%emt 0:02:30]} 34. Ke3 {[%emt 0:01:06][%csl LRd2,LRd4]} Rxe2+ {[%emt 0:00:24]} 35. Kxd4 {[%emt 0:00:03]} Kf7 {[%emt 0:04:18]} 36. Ra7+ {[%emt 0:01:36]} Kg6 {[%emt 0:00:05]} 37. Ra8 {[%emt 0:00:04]} Kf7 {[%emt 0:02:29]} 38. Ra7+ {[%emt 0:00:07]} Kg6 {[%emt 0:00:06]} 39. Ra8 {[%emt 0:00:09] An interesting draw.  Weighted Error Value: White=0.01 (flawless) /Black=0.02 (flawless)} 1/2-1/2

[Event "American Cup Champions 2022"]
[Site "Saint Louis"]
[Date "2022.04.22"]
[Round "2.1"]
[White "Aronian, Levon"]
[Black "Dominguez Perez, Leinier"]
[Result "0-1"]
[WhiteElo "2772"]
[BlackElo "2752"]
[Annotator "TA"]
[PlyCount "56"]
[EventDate "2022.04.20"]
[EventType "k.o."]
[EventCountry "USA"]
[SourceTitle "playchess.com"]
[Source "ChessBase"]
[SourceQuality "1"]
[TimeControl "5400+30"]

{[%evp 13,56,9,20,20,14,17,12,20,21,0,0,-31,-17,-4,-41,-47,-35,-49,-37,-36,-46,-45,-54,-44,-17,-69,-59,-72,-55,-130,-130,-121,-127,-122,-120,-112,-117,-770,-735,-1987,-1981,-1792,-1771,-29961,-5477]} 1. e4 {[%emt 0:00:03]} e5 {[%emt 0:00:57]} 2. Nf3 {[%emt 0:00:07]} Nf6 {[%emt 0:00:07]} 3. Nxe5 {[%emt 0:00:05]} d6 {[%emt 0:00:06]} 4. Nf3 {[%emt 0:00:03]} Nxe4 {[%emt 0:00:05]} 5. Nc3 {[%emt 0:00:04]} Nxc3 {[%emt 0:00:32]} 6. dxc3 {[%emt 0:00:05]} Be7 {[%emt 0:00:13]} 7. Be3 {[%emt 0:00:05]} O-O {[%emt 0:01:32]} 8. Qd2 {[%emt 0:00:04] C42: Petroff Defence: 3 Nxe5 and unusual White 3rd moves.} Nd7 {[%emt 0:00:06]} 9. O-O-O {[%emt 0:00:06]} Nf6 {[%emt 0:00:24]} 10. Bd3 {[%emt 0:00:15] The position is equal.} Re8 {[%emt 0:00:30]} 11. h4 {[%emt 0:00:50]} d5 {[%emt 0:02:19]} 12. Ng5 {[%emt 0:08:23][%cal Bf3g5,Bg5h3,Bh3f4][%mdl 32]} h6 {[%emt 0:25:54]} 13. f3 {[%emt 0:01:17] Inhibits Ng4.} c5 {[%emt 0:01:03] [#] ...c4 is the strong threat.} ({Don't play} 13... hxg5 14. hxg5 Nd7 15. Bh7+ Kf8 16. Qxd5 $14) 14. Bb5 $146 {[%emt 0:21:02]} ({Predecessor:} 14. g4 Qa5 15. Kb1 c4 16. Be2 Bc5 17. Bxc5 Qxc5 18. Nh3 Qe3 19. Nf4 Qxd2 20. Rxd2 {0-1 (29) Borisek,J (2578)-Bogner,S (2619) Batumi 2018}) 14... Bd7 {[%emt 0:13:26]} ({Don't take} 14... hxg5 15. hxg5 Bd7 16. Bd3 $18) 15. Bxd7 {[%emt 0:00:05]} Qxd7 {[%emt 0:00:07]} 16. Nh3 {[%emt 0:00:03]} Rad8 {[%emt 0:01:42][%cal Od5d4]} 17. Nf4 {[%emt 0:05:05]} Bd6 {[%emt 0:08:14] And now ...Qa4 would win.} 18. Kb1 {[%emt 0:01:08]} Qb5 {[%emt 0:13:30][%cal Od5d4]} 19. Qc1 {[%emt 0:01:41]} (19. Rde1 $11) 19... d4 $15 {[%emt 0:05:05]} 20. cxd4 {[%emt 0:00:09]} c4 {[%emt 0:00:18][%cal Bc5c4,Bc4c3][%mdl 32]} 21. g3 {[%emt 0:09:02]} ({White should try} 21. Ka1 $15) 21... c3 $1 $17 {[%mdl 1024] Black has strong compensation.} 22. b3 {[%emt 0:00:30]} Qa5 {Threatens to win with ...Ba3.} 23. Rde1 {[%emt 0:00:30]} Ba3 $36 {[%mdl 2048] Black is in control.} 24. Qd1 {[%emt 0:00:30]} Rd6 $1 {0x0.00299f40ae99dp-1022s more active pieces.} 25. Bf2 $2 {[%emt 0:00:30][%mdl 8192] This move loses the game for White.} (25. Bc1 $17 Ra6 26. Rxe8+ Nxe8 27. Re1) 25... Rxe1 $19 26. Rxe1 {[%emt 0:00:30] [#]} Bb2 $1 27. Qd3 {[%emt 0:00:30]} b5 28. a4 {[%emt 0:00:30] [#]} Qb4 $1 {Weighted Error Value: White=0.71/Black=0.01 (flawless)} 0-1

[Event "American Cup Champions 2022"]
[Site "Saint Louis"]
[Date "2022.04.23"]
[Round "2.2"]
[White "Dominguez Perez, Leinier"]
[Black "Aronian, Levon"]
[Result "1/2-1/2"]
[WhiteElo "2752"]
[BlackElo "2772"]
[Annotator "TA"]
[PlyCount "117"]
[EventDate "2022.04.20"]
[EventType "k.o."]
[EventCountry "USA"]
[SourceTitle "playchess.com"]
[Source "ChessBase"]
[SourceQuality "1"]
[TimeControl "5400+30"]

{[%evp 11,117,21,31,31,37,39,39,19,26,16,41,7,23,33,29,11,26,9,23,13,45,39,40,26,25,23,27,19,33,17,25,23,33,21,24,23,12,0,0,0,0,0,0,0,20,14,22,26,44,15,58,38,60,68,68,64,64,57,61,58,58,50,51,52,55,50,51,30,33,13,38,37,37,38,37,8,8,8,65,8,73,8,8,8,8,8,8,8,8,8,8,0,8,0,8,0,8,8,8,8,8,0,8,0,8,0,8,0]} 1. e4 {[%emt 0:00:03]} c6 {[%emt 0:00:04]} 2. d4 {[%emt 0:00:15]} d5 {[%emt 0:00:07]} 3. e5 {[%emt 0:01:30]} Bf5 {[%emt 0:00:06]} 4. Nf3 {[%emt 0:00:21]} e6 {[%emt 0:00:05]} 5. Be2 {[%emt 0:00:18]} h6 {[%emt 0:00:08]} 6. O-O {[%emt 0:00:25]} Ne7 {[%emt 0:00:08]} 7. Nbd2 {[%emt 0:01:36] B12: Caro-Kann: Advance Variation.} Nd7 {[%emt 0:00:06]} 8. Nb3 {[%emt 0:00:15]} g5 $1 {[%emt 0:00:16] 8...g5 scores better than 8...Bh7.} 9. a4 {[%emt 0:07:06] White is slightly better.} Bg7 {[%emt 0:02:39]} 10. Bd2 {[%emt 0:14:11]} O-O {[%emt 0:03:23]} 11. c3 {[%emt 0:06:07]} f6 {[%emt 0:04:30]} 12. exf6 {[%emt 0:07:02]} Bxf6 {[%emt 0:01:34]} 13. Ne1 {[%emt 0:12:55] [#]} Bg7 $146 {[%emt 0:02:12]} ({Predecessor:} 13... Qe8 14. Nd3 b6 15. f4 Ng6 16. a5 Qe7 17. Be3 Rac8 18. Qd2 c5 19. fxg5 Bxg5 20. axb6 axb6 {½-½ (87) Sprenger,J (2506)-Ledger,A (2380) Ortisei 2016}) 14. f4 {[%emt 0:01:42]} gxf4 {[%emt 0:06:49]} 15. Bxf4 {[%emt 0:00:44]} Ng6 {[%emt 0:00:49]} (15... e5 $5 {[%cal Re5f4]} 16. Bg3 Be4 $15) 16. Bd6 {[%emt 0:01:43]} Rf7 {[%emt 0:01:53]} 17. Bd3 {[%emt 0:22:16]} Qg5 {[%emt 0:01:31]} 18. Bxf5 {[%emt 0:03:14]} (18. Qc2 {feels hotter.} Nh4 19. Bf4 Qh5 20. Bxf5 Qxf5 21. Qxf5 Rxf5 22. Nd3) 18... exf5 {[%emt 0:01:36]} 19. Nf3 {[%emt 0:04:34]} Qf6 {[%emt 0:00:19]} 20. Bg3 {[%emt 0:00:58]} Re8 {[%emt 0:03:32]} 21. Qc2 {[%emt 0:00:55]} Re4 {[%emt 0:02:37]} 22. Rae1 {[%emt 0:00:44]} f4 {[%emt 0:00:43]} 23. Bf2 {[%emt 0:01:04]} (23. Nbd2 {is interesting.} fxg3 24. Nxe4 dxe4 25. Qxe4 gxh2+ 26. Nxh2 Re7 27. Qd3) 23... Qf5 {[%emt 0:00:07]} 24. Nbd2 {[%emt 0:01:23]} Rxe1 {[%emt 0:03:22]} 25. Nxe1 {[%emt 0:00:02]} Qxc2 {[%emt 0:01:51]} 26. Nxc2 {[%emt 0:00:02]} Nf6 {[%emt 0:00:22]} 27. Re1 {[%emt 0:00:28]} a5 {[%emt 0:01:50]} 28. Re2 {[%emt 0:02:09]} Kf8 {[%emt 0:04:32]} 29. Kf1 {[%emt 0:01:17]} h5 {[%emt 0:01:45]} 30. h3 {[%emt 0:02:30]} f3 {[%emt 0:02:31]} 31. Nxf3 {[%emt 0:00:10]} Nf4 {[%emt 0:00:57]} 32. Ng5 {[%emt 0:03:01]} Nxe2 {[%emt 0:00:29]} 33. Nxf7 {[%emt 0:00:06]} Nxc3 {[%emt 0:00:03]} 34. Nd6 {[%emt 0:01:05]} Nxa4 {[%emt 0:02:55]} 35. Nxb7 {[%emt 0:00:02]} Nxb2 {[%emt 0:01:21]} 36. Nxa5 {[%emt 0:00:02]} Ne4 {[%emt 0:00:22]} 37. Nxc6 {[%emt 0:00:14]} Nd3 {[%emt 0:00:05]} 38. Bh4 {[%emt 0:01:31]} Nf4 {[%emt 0:01:10]} 39. Ne3 {[%emt 0:01:51]} Kf7 {[%emt 0:00:04]} 40. g3 {[%emt 0:02:33]} Ne6 {[%emt 0:01:56]} 41. Nxd5 {[%emt 0:01:11]} Nxd4 {[%emt 0:00:08]} 42. Nxd4 {[%emt 0:00:32]} Bxd4 $14 {[%emt 0:00:05][%mdl 4096] Endgame KBN-KBN} 43. Nf4 {[%emt 0:00:03]} Bf6 $1 {[%emt 0:00:23]} 44. Bxf6 {[%emt 0:00:23]} Nxf6 $11 {[%emt 0:00:22] KN-KN} (44... Kxf6 $11 45. Kg2 (45. Nxh5+ Kg5 $11) 45... Kg5) 45. Kf2 {[%emt 0:00:34]} (45. h4 $1 $14) 45... h4 {[%emt 0:00:50]} 46. g4 {[%emt 0:00:58]} (46. gxh4 $16 Kg7 47. Kg3) 46... Ne4+ {[%emt 0:00:17] The position is equal.} 47. Kg2 {[%emt 0:00:09]} Kf6 {[%emt 0:00:23]} 48. Nd3 {[%emt 0:00:57]} Ng5 {[%emt 0:00:56]} 49. Ne1 $1 {[%emt 0:00:29] [#] Nf3 is the strong threat.} Ne6 {[%emt 0:00:05]} 50. Kh2 {[%emt 0:01:06] And now Nf3 would win.} Ng5 {[%emt 0:00:33] Against Nf3} 51. Kg2 {[%emt 0:00:22] Hoping for Nf3.} Ne6 {[%emt 0:00:05]} 52. Nd3 {[%emt 0:00:24]} Ng5 {[%emt 0:00:23]} 53. Nf4 {[%emt 0:00:04]} Ne4 {[%emt 0:00:14]} 54. Ne2 {[%emt 0:00:24]} Ke5 {[%emt 0:00:49]} 55. Nc1 {[%emt 0:01:15]} Kd4 {[%emt 0:00:28]} 56. Nb3+ {[%emt 0:00:39]} Ke5 {[%emt 0:00:25]} 57. Nc1 {[%emt 0:00:25]} Kd4 {[%emt 0:00:05]} 58. Nb3+ {[%emt 0:00:02]} Ke5 {[%emt 0:00:07]} 59. Nc1 {[%emt 0:00:15] Weighted Error Value: White=0.10 (very precise) /Black=0.08 (flawless)} 1/2-1/2

[Event "American Cup Champions 2022"]
[Site "Saint Louis"]
[Date "2022.04.23"]
[Round "2.2"]
[White "Sevian, Samuel"]
[Black "Caruana, Fabiano"]
[Result "1/2-1/2"]
[WhiteElo "2684"]
[BlackElo "2792"]
[Annotator "TA"]
[PlyCount "63"]
[EventDate "2022.04.20"]
[EventType "k.o."]
[EventCountry "USA"]
[SourceTitle "playchess.com"]
[Source "ChessBase"]
[SourceQuality "1"]
[TimeControl "5400+30"]

{[%evp 13,63,0,6,0,-1,0,0,0,0,0,0,0,0,0,0,0,-14,-19,0,0,0,0,0,0,5,0,0,0,0,0,0,0,0,0,0,0,0,0,0,0,0,0,0,0,0,0,0,0,0,0,0,0]} 1. c4 {[%emt 0:00:04]} c5 {[%emt 0:00:08]} 2. Nf3 {[%emt 0:00:19][%cal Bg1f3,Bf3d4,Bd4b5][%mdl 32]} Nf6 {[%emt 0:00:08]} 3. d4 {[%emt 0:00:31]} cxd4 {[%emt 0:00:26]} 4. Nxd4 {[%emt 0:00:08]} Nc6 {[%emt 0:01:02]} 5. Nc3 {[%emt 0:00:33]} e6 {[%emt 0:00:11]} 6. g3 {[%emt 0:03:40]} Qb6 {[%emt 0:00:43]} 7. Ndb5 {[%emt 0:01:02] now supersedes 7.Nb3.} Ne5 {[%emt 0:01:35] The position is equal.} 8. Bf4 {[%emt 0:00:50] A33: Symmetrical English: 2 Nf3 Nf6 3 d4 cxd4 4 Nxd4 e6 5 Nc3 Nc6.} Nfg4 {[%emt 0:01:26][%cal Oe5f3] [#] ( -> ...Nf3+!)} 9. e3 {[%emt 0:01:31]} a6 {[%emt 0:00:41]} 10. h3 {[%emt 0:29:36]} axb5 {[%emt 0:00:21]} 11. hxg4 {[%emt 0:00:06]} Nxc4 {[%emt 0:00:04]} 12. Qb3 $1 {[%emt 0:00:17][%csl LRb5,LRc4]} d5 $1 {[%emt 0:07:57]} 13. Bxc4 {[%emt 0:03:11]} dxc4 {[%emt 0:00:06]} 14. Qxb5+ {[%emt 0:00:07]} Qxb5 {[%emt 0:00:04]} 15. Nxb5 {[%emt 0:00:03] [#] Hoping for Nc7+.} Ra5 {[%emt 0:11:11]} 16. Nd6+ {[%emt 0:11:40]} Bxd6 {[%emt 0:00:19]} 17. Bxd6 {[%emt 0:00:05]} f6 {[%emt 0:04:43]} 18. f3 {[%emt 0:03:10] [#]} Rd5 $146 {[%emt 0:09:03]} ({Predecessor:} 18... Kf7 19. Bb4 Rd5 20. Rd1 Rxd1+ 21. Kxd1 Bd7 22. Ke2 Ba4 23. Rc1 Kg6 24. Kf2 Bb5 {½-½ (35) Kanmazalp,O (2445)-Kantans,T (2531) Benasque 2017}) 19. Rd1 {[%emt 0:02:39]} Rxd1+ {[%emt 0:01:44]} 20. Kxd1 $11 {[%emt 0:00:06][%mdl 4096] Endgame KRB-KRB} e5 {[%emt 0:00:37][%cal Oe5e4]} 21. e4 {[%emt 0:00:25]} Kf7 {[%emt 0:01:04] aiming for ...Rd8.} 22. Bb4 {[%emt 0:03:34]} Rd8+ {[%emt 0:00:39]} 23. Ke2 {[%emt 0:00:06]} h6 {[%emt 0:00:35]} 24. Rd1 {[%emt 0:03:52]} Rxd1 {[%emt 0:00:09]} 25. Kxd1 {[%emt 0:00:04] KB-KB} Bd7 {[%emt 0:00:06]} 26. Kd2 {[%emt 0:00:34]} Ba4 {[%emt 0:00:05]} 27. Bc5 {[%emt 0:00:13]} g5 {[%emt 0:00:13]} 28. Bb4 {[%emt 0:00:29]} Kg6 {[%emt 0:00:06]} 29. Be7 {[%emt 0:00:08]} Kf7 {[%emt 0:00:06]} 30. Bb4 {[%emt 0:00:07]} Kg6 {[%emt 0:00:04]} 31. Be7 {[%emt 0:00:10]} Kf7 {[%emt 0:00:02]} 32. Bb4 {[%emt 0:00:16] A balanced but interesting game.  Weighted Error Value: White=0.00 (flawless) /Black=0.02 (flawless)} 1/2-1/2

[Event "American Cup Champions 2022"]
[Site "Saint Louis"]
[Date "2022.04.23"]
[Round "2.3"]
[White "Caruana, Fabiano"]
[Black "Sevian, Samuel"]
[Result "1-0"]
[WhiteElo "2792"]
[BlackElo "2684"]
[Annotator "TA"]
[PlyCount "131"]
[EventDate "2022.04.20"]
[EventType "k.o."]
[EventCountry "USA"]
[SourceTitle "playchess.com"]
[Source "ChessBase"]
[SourceQuality "1"]
[TimeControl "600+5"]

{[%evp 24,131,46,0,49,11,18,0,12,28,100,73,309,321,291,261,383,398,558,277,418,245,421,367,347,70,216,225,225,0,0,0,8,0,0,0,19,20,18,18,18,18,18,23,87,97,183,186,208,24,24,-239,-183,-291,-70,-54,-29,-28,-11,-8,-27,-27,0,0,45,0,29991,179,171,171,145,160,279,316,316,316,482,427,398,398,398,398,387,-29978,-29979,-29979,29975,29976,29981,823,29978,5410,4923,4915,2076,1266,29986,29987,29995,29996,29995,29996,29996,29994,29997,29994,29994,29993,29993,4952]} 1. e4 {[%emt 0:00:01]} g6 {[%emt 0:00:00]} 2. d4 {[%emt 0:00:01]} Bg7 {[%emt 0:00:01]} 3. Nc3 {[%emt 0:00:01]} d6 {[%emt 0:00:04]} 4. Be3 {[%emt 0:00:02]} a6 {[%emt 0:00:02]} 5. g4 {[%emt 0:00:07]} b5 {[%emt 0:00:05]} 6. Bg2 {[%emt 0:00:02]} Bb7 {[%emt 0:00:12]} 7. h4 {[%emt 0:00:01]} Nd7 {[%emt 0:00:59]} 8. h5 {[%emt 0:00:06]} gxh5 {[%emt 0:00:01]} 9. g5 {[%emt 0:00:04]} c5 {[%emt 0:00:07]} 10. Nge2 {[%emt 0:00:32]} h6 {[%emt 0:00:21]} 11. Ng3 {[%emt 0:00:25]} hxg5 {[%emt 0:00:04]} 12. Nxh5 {[%emt 0:00:11]} Bh6 {[%emt 0:00:18]} 13. Qd2 {[%emt 0:01:42]} (13. dxc5 $14 {feels stronger.} dxc5 14. Qg4) 13... cxd4 {[%emt 0:00:14]} (13... Qa5 $11 {deserves consideration.}) 14. Qxd4 {[%emt 0:00:37]} Ne5 {[%emt 0:00:02]} 15. O-O-O {[%emt 0:00:15]} Rc8 {[%emt 0:00:05]} 16. Kb1 {[%emt 0:00:17]} Rc4 {[%emt 0:01:36]} (16... g4 $11) 17. Qd2 $1 $16 {[%emt 0:00:03]} Rb4 $2 {[%emt 0:00:01]} (17... Qa5 $16) 18. b3 $1 $18 {[%emt 0:00:58]} (18. Bxg5 Nc4 19. Bxh6 Rxb2+ 20. Ka1 Qa5 $19) 18... Nc4 {[%emt 0:00:03]} 19. Qe2 {[%emt 0:00:02]} Qa5 {[%emt 0:00:41]} (19... Na3+ $142 20. Kb2 Qc7) 20. Bc1 $18 {[%emt 0:01:39]} g4 {[%emt 0:00:01]} (20... Kf8 {was called for.} 21. Nd5 Ra4) 21. Nf4 {[%emt 0:01:01]} (21. Qxg4 $142 {aiming for f4.} Kd8 22. f4) 21... e6 {[%emt 0:03:17]} (21... Na3+ $142 22. Bxa3 Qxa3 23. Qxg4 Rc4) 22. Nd3 {[%emt 0:01:06]} (22. Qxg4 $142 Nf6 23. Qh4) 22... Bg7 $2 {[%emt 0:00:33]} (22... Na3+ 23. Bxa3 Qxa3) 23. Rxh8 {[%emt 0:00:03]} (23. Nxb4 Rxh1 24. Rxh1 Qxb4 $14) 23... Bxh8 {[%emt 0:00:08] [#]} 24. Qe1 $2 {[%emt 0:00:50]} (24. Nxb4 Qxb4 25. Qxg4 Ne7 $16) (24. Qxg4 $1 $18 Ne7 (24... Nh6 25. Qg3) 25. Ne2 (25. Nxb4 Qxb4 26. Ne2 Na3+ 27. Bxa3 Qxa3 $16)) 24... Na3+ {[%emt 0:01:51]} ({Black should try} 24... Rxb3+ $1 $14 25. cxb3 Bxc3) 25. Bxa3 $18 {[%emt 0:00:10]} Qxa3 {[%emt 0:00:01]} 26. Nxb4 $2 {[%emt 0:01:11]} ({Only move:} 26. Ne2 $1 $18) 26... Qxb4 $11 {[%emt 0:00:02]} 27. Ne2 {[%emt 0:00:01]} ({But not} 27. Kb2 $2 Qc5 28. Qd2 b4 29. Qxd6 Qxd6 30. Rxd6 Bxc3+ 31. Kc1 Nf6 $19) 27... Qa3 {[%emt 0:00:00]} 28. c3 {[%emt 0:00:01]} Be5 {[%emt 0:00:01]} 29. Nd4 {[%emt 0:00:12]} Nf6 {[%emt 0:00:01]} 30. Qe3 {[%emt 0:00:13]} Qc5 {[%emt 0:00:00]} 31. b4 {[%emt 0:00:12]} Qc4 {[%emt 0:00:07]} 32. f4 {[%emt 0:00:14]} gxf3 $1 {[%emt 0:00:06]} 33. Bxf3 {[%emt 0:00:01]} a5 {[%emt 0:00:13]} (33... Nd7 $11) 34. Be2 $16 {[%emt 0:00:09]} ({Don't do} 34. bxa5 Qa4 $11) 34... Bxe4+ {[%emt 0:00:06]} (34... Qc8 $16) 35. Kb2 $1 $18 {[%emt 0:00:06]} Qc8 {[%emt 0:00:19]} 36. Nxb5 $2 {[%emt 0:00:02]} (36. Bxb5+ $18 Ke7 37. bxa5) 36... axb4 $11 {[%emt 0:01:05]} 37. Kc1 $2 {[%emt 0:00:19][%mdl 8192]} (37. Nxd6+ $11 {and White stays safe.} Bxd6 38. Rxd6) 37... d5 {[%emt 0:00:05]} (37... bxc3 38. Nxd6+ Bxd6 39. Rxd6 $14) 38. Qb6 {[%emt 0:00:09]} (38. Qg5 $142 Qb8 39. Rf1) 38... Bf4+ $2 {[%emt 0:00:02]} ({Not} 38... bxc3 $2 39. Qd6 Nd7 40. Rg1 $19) ({Better is} 38... Nd7 $19 39. Qd6 Bxc3) 39. Kb2 $15 {[%emt 0:00:02]} bxc3+ {[%emt 0:00:01]} 40. Nxc3 {[%emt 0:00:04]} Be5 {[%emt 0:00:00]} 41. Qb4 {[%emt 0:00:03]} Nd7 {[%emt 0:00:26]} 42. Bb5 {[%emt 0:00:04]} f5 {[%emt 0:00:03]} 43. Kb3 {[%emt 0:00:08]} Bf3 {[%emt 0:00:08]} 44. Re1 {[%emt 0:00:05]} Bxc3 $4 {[%emt 0:00:06][%mdl 8192]} (44... Qc7 $11 45. Na4 Kf7 46. Bxd7 Qxd7) 45. Qxc3 $2 {[%emt 0:00:06]} (45. Rxe6+ {mates} Kd8 46. Qe7+ Kc7 47. Rc6+ Kb8 48. Rxc8+ Kxc8 49. Qxd7+ Kb8 50. Bc6 Bd1+ 51. Kxc3 d4+ 52. Kxd4 Bh5 53. Qb7#) 45... Qxc3+ $18 {[%emt 0:00:02]} 46. Kxc3 {[%emt 0:00:01]} Ke7 {[%emt 0:00:05]} 47. a4 {[%emt 0:00:04]} Nc5 {[%emt 0:00:03]} (47... Nb6 $16 48. a5 Na8) 48. a5 $18 {[%emt 0:00:05]} Kd6 {[%emt 0:00:00]} 49. a6 {[%emt 0:00:10]} e5 {[%emt 0:00:01]} (49... Nxa6 $142 50. Bxa6 e5) 50. a7 $18 {[%emt 0:00:04]} d4+ {[%emt 0:00:01]} 51. Kb4 {[%emt 0:00:02]} d3 {[%emt 0:00:03]} 52. Rf1 {[%emt 0:00:10]} d2 {[%emt 0:00:00] [#]} 53. Rxf3 $4 {[%emt 0:00:08][%mdl 8192]} (53. Rd1 $3 $18 {[%mdl 512]} Nb3 54. a8=Q Bxa8 55. Kxb3) 53... d1=Q {[%emt 0:00:02]} 54. a8=Q {[%emt 0:00:02] [#]} Qd4+ $4 {[%emt 0:00:01][%mdl 8192]} (54... Qb1+ $1 {and life is good for Black.} 55. Kc4 Qc1+ 56. Kb4 Qb2+ 57. Ka5 Qa2+ 58. Kb4 Qxa8 59. Rh3 Qg2 60. Rh6+ Ne6 61. Rf6 Ke7 62. Rxe6+ Kxe6 63. Kc5 f4 64. Bc4+ Kf5 65. Bd5 f3 66. Kb4 e4 67. Bc6 e3 68. Be8 e2 69. Kc5 e1=Q 70. Bd7+ Kf6 71. Bc6 Qa5+ 72. Bb5 Qc2+ 73. Kd6 Qad2+ 74. Bd3 Qdxd3#) 55. Bc4 {[%emt 0:00:05]} Qd2+ {[%emt 0:00:09]} 56. Rc3 {[%emt 0:00:06]} (56. Kb5 $142 Qb2+ {[#]} 57. Rb3 $3 {[%mdl 512]} Qxb3+ 58. Bxb3 Nxb3 59. Qa3+ Kd5 60. Qxb3+ Kd4 61. Kc6) 56... Nd7 {[%emt 0:00:30]} 57. Qa6+ {[%emt 0:00:05]} (57. Qe8 $142 f4 58. Qe6+ Kc7 59. Bb5+ Kd8 60. Bxd7 Qd4+ 61. Kb3 Qd1+ 62. Ka3) 57... Ke7 $18 {[%emt 0:00:01]} 58. Qe6+ {[%emt 0:00:02]} Kd8 {[%emt 0:00:00]} 59. Qg8+ {[%emt 0:00:01]} Kc7 {[%emt 0:00:04]} 60. Bb3+ {[%emt 0:00:05]} Kb6 {[%emt 0:00:07]} 61. Qd8+ {[%emt 0:00:05]} Ka7 {[%emt 0:00:01]} 62. Qa5+ {[%emt 0:00:10]} Kb8 {[%emt 0:00:02]} 63. Qc7+ {[%emt 0:00:05]} Ka8 {[%emt 0:00:01]} 64. Ka3 {[%emt 0:00:02]} Qd4 {[%emt 0:00:01]} 65. Qa5+ {[%emt 0:00:06]} Kb8 {[%emt 0:00:01]} 66. Qb4+ {[%emt 0:00:05]} (66. Qd8+ $142 Ka7 67. Rc7+ Ka6 68. Qa8+ Kb5 69. Ba4+ Qxa4+ 70. Qxa4+ Kb6 71. Qc6+ Ka5 72. Ra7#) 1-0